<?xml version="1.0" encoding="UTF-8"?><marc:collection xmlns:marc="http://www.loc.gov/MARC21/slim">
  <marc:record>
    <marc:leader>00000nam  2200000za 4500</marc:leader>
    <marc:controlfield tag="001">9.843779</marc:controlfield>
    <marc:controlfield tag="003">CaOODSP</marc:controlfield>
    <marc:controlfield tag="005">20221107152612</marc:controlfield>
    <marc:controlfield tag="007">cr |||||||||||</marc:controlfield>
    <marc:controlfield tag="008">170830s2017    nscbd   ob   f000 0 fre d</marc:controlfield>
    <marc:datafield tag="040" ind1=" " ind2=" ">
      <marc:subfield code="a">CaOODSP</marc:subfield>
      <marc:subfield code="b">fre</marc:subfield>
    </marc:datafield>
    <marc:datafield tag="043" ind1=" " ind2=" ">
      <marc:subfield code="a">n-cn-ns</marc:subfield>
    </marc:datafield>
    <marc:datafield tag="086" ind1="1" ind2=" ">
      <marc:subfield code="a">Fs70-7/2017-038F-PDF</marc:subfield>
    </marc:datafield>
    <marc:datafield tag="245" ind1="0" ind2="0">
      <marc:subfield code="a">Mise à jour de l'état du stock de homard (Homarus americanus) au large du sud-ouest de la Nouvelle-Écosse (zone de pêche du homard 34) </marc:subfield>
      <marc:subfield code="h">[ressource électronique].</marc:subfield>
    </marc:datafield>
    <marc:datafield tag="246" ind1="1" ind2="7">
      <marc:subfield code="a">Réponse des sciences : </marc:subfield>
      <marc:subfield code="b">mise à jour de l'état du stock de homard dans la ZPH 34</marc:subfield>
    </marc:datafield>
    <marc:datafield tag="260" ind1=" " ind2=" ">
      <marc:subfield code="a">Dartmouth, N.-É. : </marc:subfield>
      <marc:subfield code="b">Centre des avis scientifiques (CAS), Région des Maritimes, Pêches et océans Canada, Institut océanographique de Bedford, </marc:subfield>
      <marc:subfield code="c">2017.</marc:subfield>
    </marc:datafield>
    <marc:datafield tag="300" ind1=" " ind2=" ">
      <marc:subfield code="a">7 p. : </marc:subfield>
      <marc:subfield code="b">carte en coul., graph. en coul.</marc:subfield>
    </marc:datafield>
    <marc:datafield tag="490" ind1="1" ind2=" ">
      <marc:subfield code="a">Réponse des sciences, </marc:subfield>
      <marc:subfield code="x">1919-3815 ; </marc:subfield>
      <marc:subfield code="v">2017/038</marc:subfield>
    </marc:datafield>
    <marc:datafield tag="500" ind1=" " ind2=" ">
      <marc:subfield code="a">Publ. aussi en anglais sous le titre : Stock status update of lobster (Homarus americanus) off southwest Nova Scotia (Lobster Fishing Area 34).</marc:subfield>
    </marc:datafield>
    <marc:datafield tag="500" ind1=" " ind2=" ">
      <marc:subfield code="a">Titre de départ.</marc:subfield>
    </marc:datafield>
    <marc:datafield tag="500" ind1=" " ind2=" ">
      <marc:subfield code="a">« Août 2017. »</marc:subfield>
    </marc:datafield>
    <marc:datafield tag="504" ind1=" " ind2=" ">
      <marc:subfield code="a">Comprend des références bibliographiques (p. 6).</marc:subfield>
    </marc:datafield>
    <marc:datafield tag="520" ind1=" " ind2=" ">
      <marc:subfield code="a">« Chaque année, Gestion des pêches et de l’aquaculture (GPA) demande un avis sur l’état des stocks de homard dans la zone de pêche au homard (ZPH) 34. Le dernier processus de consultation régionale sur ce stock remonte à février 2013 et des mises à jour ont été faites en 2014, 2015 et 2016. L’évaluation de 2013 désignait trois indicateurs principaux pour décrire les changements dans l’abondance et la biomasse du homard, et des niveaux de référence ont été proposés pour chaque indicateur. La présente réponse des Sciences est une mise à jour de ces indicateurs jusqu’à la fin de la saison de pêche 2015-2016 » -- Contexte, p. [1].</marc:subfield>
    </marc:datafield>
    <marc:datafield tag="693" ind1=" " ind2="4">
      <marc:subfield code="a">Homard d'Amérique</marc:subfield>
    </marc:datafield>
    <marc:datafield tag="693" ind1=" " ind2="4">
      <marc:subfield code="a">Ressources halieutiques</marc:subfield>
    </marc:datafield>
    <marc:datafield tag="693" ind1=" " ind2="4">
      <marc:subfield code="a">Évaluation</marc:subfield>
    </marc:datafield>
    <marc:datafield tag="693" ind1=" " ind2="4">
      <marc:subfield code="a">Nouvelle-Écosse</marc:subfield>
    </marc:datafield>
    <marc:datafield tag="710" ind1="1" ind2=" ">
      <marc:subfield code="a">Canada. </marc:subfield>
      <marc:subfield code="b">Ministère des pêches et des océans. </marc:subfield>
      <marc:subfield code="b">Région des Maritimes.</marc:subfield>
    </marc:datafield>
    <marc:datafield tag="710" ind1="2" ind2=" ">
      <marc:subfield code="a">Secrétariat canadien de consultation scientifique.</marc:subfield>
    </marc:datafield>
    <marc:datafield tag="775" ind1="0" ind2="8">
      <marc:subfield code="t">Stock status update of lobster (Homarus americanus) off southwest Nova Scotia (Lobster Fishing Area 34) </marc:subfield>
      <marc:subfield code="w">(CaOODSP)9.843774</marc:subfield>
    </marc:datafield>
    <marc:datafield tag="830" ind1="#" ind2="0">
      <marc:subfield code="a">Réponse des sciences (Secrétariat canadien de consultation scientifique)</marc:subfield>
      <marc:subfield code="x">1919-3815 ; </marc:subfield>
      <marc:subfield code="v">2017/038.</marc:subfield>
      <marc:subfield code="w">(CaOODSP)9.502630</marc:subfield>
    </marc:datafield>
    <marc:datafield tag="856" ind1="4" ind2="0">
      <marc:subfield code="q">PDF</marc:subfield>
      <marc:subfield code="s">477 Ko</marc:subfield>
      <marc:subfield code="u">https://publications.gc.ca/collections/collection_2017/mpo-dfo/Fs70-7-2017-038-fra.pdf</marc:subfield>
    </marc:datafield>
  </marc:record>
</marc:collection>
